000 01011nam a2200301 i 4500
001 000046078
003 DO-SdBNP
005 20260528120919.0
007 ta
008 150617s1985 dr 000 0 spa d
040 _aDO-SdBNP
_bspa
_cBNPHU
_erda
041 _aspa
082 4 _axxx
_bxxx
_222
100 1 _aJiménez, Elías,
_eautor
_4aut.
_974148
245 1 0 _aTradiciones mocanas /
_cElías Jiménez.
264 4 _aSanto Domingo :
_bEditora Universitaria- UASD,
_c1985.
300 _a175 páginas ;
_c21 cm.
336 _atexto
_btxt
_2rdacontent
337 _asin mediación
_bn
_2rdamedia
338 _avolumen
_bnc
_2rdacarrier
490 1 _aPublicaciones de la Universidad Autónoma de Santo Domingo
_v372
490 1 _aHistoria y sociedad
_v62
590 _aInventariado, 2024/BT
710 2 _aUniversidad Autónoma de Santo Domingo
_972951
830 0 _aPublicaciones de la Universidad Autónoma de Santo Domingo
_n372
_pHistoria y sociedad
_n62
_986660
910 _aBtavárez
942 _2ddc
_cLBS1
999 _c45567
_d45567